Impressionists' First Names - Statistics

General Stats
  • This quiz has been taken 56 times
  • The average score is 6 of 15
Answer Stats
Hint Answer % Correct
Monet Claude
94%
Renoir Pierre-Auguste
71%
Degas Edgar
63%
Cassatt Mary
58%
Sisley Alfred
56%
Manet Édouard
54%
Morisot Berthe
52%
Pissarro Camille
48%
Corot Jean-Baptiste-Camille
48%
Caillebotte Gustave
38%
Bazille Frédéric
25%
Bracquemond Marie
13%
Boudin Eugène
10%
Gonzalès Eva
10%
Guillaumin Armand
6%
No matching quizzes found
Score Distribution
Percent of People with Each Score
Percentile by Number Answered
Your Score History
You have not taken this quiz